[Event "IECC P email"]
[Site "IECC email"]
[Date "1999.09.30"]
[Round "?"]
[White "Peet, Mathew"]
[Black "Stanton, Tina"]
[Result "0-1"]
[WhiteElo "985"]
[BlackElo "1491"]
[PlyCount "56"]
[EventDate "1999.??.??"]
[EventType "tourn (corr)"]
[EventRounds "6"]
[SourceTitle "Corr 2008"]
[Source "ChessBase"]
[SourceDate "2008.06.24"]
[SourceVersion "1"]
[SourceVersionDate "2008.06.24"]
[SourceQuality "1"]

1. e4 c6 2. Bc4 d5 3. exd5 cxd5 4. Bb3 Nc6 5. Nf3 e6 6. d4 Bd6 7. Be3 Nf6 8. Qd2 Ne4 9. Qe2 0-0 10. Nbd2 Bd7 11. Nxe4 dxe4 12. Nd2 f5 13. Nc4 Bc7 14. 0-0-0 f4 15. Bd2 Nxd4 16. Qxe4 Bc6 17. Qd3 Nxb3+ 18. Qxb3 Qg5 19. g3 Bxh1 20. Rxh1 Qd5 21. Rd1 fxg3 22. fxg3 Rad8 23. Ne3 Qxb3 24. axb3 Rf2 25. h4 Bxg3 26. Be1 Rxd1+ 27. Nxd1 Bf4+ 28. Kb1 Rf1 0-1

[Event "IECC M email"]
[Site "IECC email"]
[Date "1998.05.16"]
[Round "?"]
[White "Peet, Mathew"]
[Black "O'Gara, Robert Michael"]
[Result "1-0"]
[WhiteElo "1051"]
[BlackElo "991"]
[PlyCount "40"]
[EventDate "1998.??.??"]
[EventType "tourn (corr)"]
[EventRounds "12"]
[SourceTitle "Corr 2008"]
[Source "ChessBase"]
[SourceDate "2008.06.24"]
[SourceVersion "1"]
[SourceVersionDate "2008.06.24"]
[SourceQuality "1"]

1. d4 Nf6 2. e3 d5 3. Nc3 e6 4. Bd3 Nc6 5. Nf3 Bb4 6. 0-0 0-0 7. Bd2 Ng4 8. e4 a5 9. h3 dxe4 10. Nxe4 Nxd4 11. Bxb4 axb4 12. hxg4 Nxf3+ 13. Qxf3 Qe7 14. c3 bxc3 15. Nxc3 Qh4 16. Qh3 Qxh3 17. gxh3 Rd8 18. Rad1 c6 19. Bxh7+ Kxh7 20. Rxd8 Rb8 1-0

[Event "IECC M email"]
[Site "IECC email"]
[Date "1998.05.16"]
[Round "?"]
[White "Samford, Sean"]
[Black "Peet, Mathew"]
[Result "0-1"]
[WhiteElo "1030"]
[BlackElo "1035"]
[PlyCount "77"]
[EventDate "1998.??.??"]
[EventType "tourn (corr)"]
[EventRounds "12"]
[SourceTitle "Corr 2008"]
[Source "ChessBase"]
[SourceDate "2008.06.24"]
[SourceVersion "1"]
[SourceVersionDate "2008.06.24"]
[SourceQuality "1"]

1. e4 e5 2. Nf3 Nc6 3. Bb5 Nf6 4. d4 d6 5. dxe5 Nxe4 6. 0-0 dxe5 7. Nxe5 Qxd1 8. Rxd1 Bd6 9. Nxc6 Bd7 10. Nd4 0-0-0 11. Be3 g6 12. Nc3 Nxc3 13. bxc3 a6 14. Bc4 f5 15. Rab1 Rde8 16. Re1 b5 17. Nxb5 axb5 18. Bxb5 Bxb5 19. Rxb5 f4 20. Bd2 Kd7 21. Rxe8 Rxe8 22. Kf1 Ra8 23. f3 Rxa2 24. Ke2 Rxc2 25. Kd3 Ra2 26. Bc1 Rxg2 27. Rd5 Rxh2 28. Bxf4 Rh3 29. Ke3 Kc6 30. Rg5 Rh4 31. Bxd6 cxd6 32. Rg4 Rxg4 33. fxg4 h5 34. Kf3 Kc5 35. gxh5 gxh5 36. Kg3 Kc4 37. Kh4 d5 38. Kxh5 Kxc3 39. Kg4 0-1